000 00359nam a2200145Ia 4500
008 220204s9999 xx 000 0 und d
020 _a8126414650
082 _a911(100)
_bRav.1-3
245 0 _aLokarashtrangal. Vol.1-3
260 _aKottayam
_bD C Books
_c2007
650 _aWorld geography
650 _aWorld history
700 _aRavi, D C
942 _cBK
999 _c42692
_d42692